000 00754nam a2200169 a 4500
001 000034322
005 20200930073634.0
008 111003s1915 dr 000 0 spa d
040 _aDO-SdBNP
_bspa
_cBNPHU
082 _axxxx
_bG216c
100 1 _aGarcía de la Concha, Osvaldo
_959749
245 1 0 _aConsideraciones sobre el flexor momento de los sólidos empotrados por los extremos y cargados en su punto medio, consecuencias útiles para la práctica /
_cOsvaldo García de la Concha.
260 _aSanto Domingo :
_bGran Tipografía el progreso de Espinal,
_c1915.
300 _a26 p. ;
_c25 cm.
502 _aPresentado originalmente como tesis del autor --Universidad de Santo Domingo, Facultad de Matématica, Santo Domingo, 1915.
049 _aBNPD
999 _c33813
_d33813